Discographie SCH - Statistiques

Statistiques générales
  • Ce quiz a été pris 2 181 fois
  • Le résultat moyen est 48 sur 95
Statistiques - réponses
Discographie % Correct
A7
97%
Anarchie
89%
Fusil
85%
John lennon
81%
Otto
80%
Champs élysées
75%
Gomorra
75%
Interlude
73%
Marché noir
73%
Loup noir
72%
Bénéfice
71%
Pharmacie
69%
VNTM
69%
Prêt à partir
68%
Liquide
66%
Ciel rouge
64%
Mannschaft
64%
Mode akimbo
64%
Allô maman
63%
Le code
63%
Cervelle
62%
Comme si
62%
La nuit
62%
Mayday
62%
Je la connais
60%
6.45i
59%
R.A.C.
58%
Solides
58%
Baden baden
57%
Himalaya
56%
Ivresse hennessy
56%
Tokarev
56%
Crack
55%
Mac 11
55%
Rêves de gosse
55%
Skydweller
54%
Tempête
54%
Corrida
53%
Fournaise
53%
Gédéon
53%
Neuer
52%
Pas de manières
52%
Aluminium
51%
Poupée russe
51%
Ca ira
50%
Météore
50%
Mort de rire
49%
J'reviens de loin
48%
Le doc
48%
Facile
47%
Nino brown
47%
Ah gars
46%
All eyes on me
46%
Petit coeur
46%
Super Silver Haze
46%
Drogue prohibée
45%
Genny ciro
45%
Mafia
45%
Ciment
44%
Fantôme
44%
Incompris
44%
Cartine Cartier
43%
Dix neuf
43%
Murcielago
43%
Temps mort
43%
Euro
42%
Ca va
41%
J'attends
41%
Parano
41%
Assoces
40%
J't'en prie
40%
Grand bain
39%
Raisons
39%
Zone à danger
39%
Pas la paix
38%
Solitude
38%
Mauvaises idées
37%
Day date
36%
Plus rien à se dire
35%
Quand on était mômes
35%
Tant pis
35%
Frime
34%
Paye
34%
Trop énorme
34%
Les années de plomb
33%
Haut standing
32%
Ma kush
32%
Allez leur dire
31%
Alléluia
30%
Every day
30%
Tirer un trait
30%
Essuie tes larmes
29%
Slow mo
26%
DLB
18%
Innocents
17%
Aucun quiz correspondant
Distribution des résultats
% des personnes avec chaque résultat
Percentile par nombre de réponses
Votre historique - résultats
Vous n’avez pas pris ce quiz